Το παιδί, το παιχνίδι και η πραγματικότητα / (Record no. 9800)
[ view plain ]
| 000 -LEADER | |
|---|---|
| fixed length control field | 01162cam a2200277 a 4500 |
| 005 - DATE AND TIME OF LATEST TRANSACTION | |
| Πεδίο ελέγχου | 20250702123947.0 |
| 006 - FIXED-LENGTH DATA ELEMENTS--ADDITIONAL MATERIAL CHARACTERISTICS | |
| Πεδίο ελέγχου σταθερού μήκους | a|||||r||||||||||| |
| 008 - FIXED-LENGTH DATA ELEMENTS--GENERAL INFORMATION | |
| fixed length control field | 140424s2009||||gr |||g b||| 001 gre # |
| 015 ## - NATIONAL BIBLIOGRAPHY NUMBER | |
| National bibliography number | urn:nbn:gr:nlg:01-B200906502 |
| Source | gnb |
| 015 ## - NATIONAL BIBLIOGRAPHY NUMBER | |
| National bibliography number | GR9756/09 |
| Source | eev |
| 020 ## - INTERNATIONAL STANDARD BOOK NUMBER | |
| ISBN | 9789600349993 |
| Επεξηγηματικές πληροφορίες | (χαρτόδ.) |
| 040 ## - CATALOGING SOURCE | |
| Φορέας πρωτότυπης καταλογογράφησης | |
| Language of cataloging | Ελληνικά, Μοντέρνα (1453-) |
| Φορέας μεταγραφής | GRAtEVE |
| Modifying agency | MC Athens Campus Library |
| Κανόνες περιγραφικής καταλογογράφησης | AACR2 |
| 041 1# - LANGUAGE CODE | |
| Γλώσσα κειμένου, soundtrack, κλπ. | Ελληνικά, Μοντέρνα (1453-) |
| Γλώσσα πρωτοτύπου | Αγγλικά |
| 100 1# - MAIN ENTRY--PERSONAL NAME | |
| Personal name | Winnicott, D. W. |
| Dates associated with a name | 1896-1971 |
| Τίτλοι και λέξεις που συνοδεύουν το όνομα | (Donald Woods) |
| Relationship | Συγγραφέας |
| 9 (RLIN) | 416 |
| 240 10 - ΟΜΟΙΟΜΟΡΦΟΣ ΤΙΤΛΟΣ | |
| Ομοιόμορφος τίτλος | Playing and reality . |
| Language of a work | Ελληνικά |
| 245 10 - ΤΙΤΛΟΣ & ΔΗΛΩΣΗ ΥΠΕΥΘΥΝΟΤΗΤΑΣ | |
| Τίτλος | Το παιδί, το παιχνίδι και η πραγματικότητα / |
| Statement of responsibility, etc. | Ντόναλντ Βίννικοτ ; μετάφραση Γιάννης Κωστόπουλος |
| 260 ## - PUBLICATION, DISTRIBUTION, ETC. | |
| Place of publication, distribution, etc. | Ἀθήνα : |
| Name of publisher, distributor, etc. | Ἐκδόσεις Καστανιώτη, |
| Date of publication, distribution, etc. | [2009] |
| 300 ## - PHYSICAL DESCRIPTION | |
| Extent | 253 σ. ; |
| Dimensions | 21 εκ. |
| 490 1# - SERIES STATEMENT | |
| Series statement | Ψυχανάλυση |
| 504 ## - BIBLIOGRAPHY, ETC. NOTE | |
| Bibliography, etc. note | Περιέχει βιβλιογραφικές παραπομπές και ευρετήριο |
| 650 00 - SUBJECT ADDED ENTRY--TOPICAL TERM | |
| Topical term or geographic name entry element | Παιχνίδι |
| 9 (RLIN) | 9847 |
| 650 00 - SUBJECT ADDED ENTRY--TOPICAL TERM | |
| Topical term or geographic name entry element | Δραματοθεραπεία |
| 9 (RLIN) | 9848 |
| 830 ## - SERIES ADDED ENTRY--UNIFORM TITLE | |
| Ομοιόμορφος τίτλος | Ψυχανάλυση (Καστανιώτης) |
| 9 (RLIN) | 9846 |
| 942 ## - ADDED ENTRY ELEMENTS (KOHA) | |
| Koha item type | Books |
| Suppress in OPAC | 0 |
| Τύπος τεκμηρίου | Βιβλιοθήκη | Τρέχουσα τοποθεσία | Αριθμός εισαγωγής | Ημερομηνία απόκτησης | Ταξιθετικό σύμβολο | Αριθμός αντιτύπου | Κατάσταση απόσυρσης | Κατάσταση χαμένου | Κατάσταση κατεστραμμένου | Μη δανεισμός | Σύνολο δανεισμών | Ημερομηνία τελευταίας εμφάνισης | Η τιμή ισχύει από |
|---|---|---|---|---|---|---|---|---|---|---|---|---|---|
| Books | MC Athens Campus Library | MC Athens Campus Library | 8092 | 30/06/2025 | 618.9289165 WIN | 1 | 30/06/2025 | 30/06/2025 |